000 01049cam a2200277 i 4500
005 20171130020002.0
008 150318s2000 njuabf r 001 0 eng d
015 _aNNN
020 _a0134897331
040 _aDLC
_cDLC
_dBAKER
_dC#P
_dAGL
_dYDXCP
_dOCLCQ
_dBTCTA
_dLVB
_dDLC
_dCO-BoPUJ
_dCO-BoIAVH
041 0 _aeng
044 _axxu
082 0 4 _a550
_bJ54r
100 1 _aJensen, John R.
_d1949-
245 1 0 _aRemote sensing of the environment :
_ban earth resource perspective /
_cJohn R. Jensen
260 _aUpper Saddle River, New Jersey :
_bPearson Prentice Hall,
_cc2007.
300 _axvi, 541 páginas :
_bilustraciones (algunas a color), mapas (algunos a color) ;
_c29 cm.
504 _aIncluye referencias bibliográficas e índice.
590 _aPremio Nobel 1944
650 1 4 _aCiencias de la tierra
_xTeledetección
650 2 4 _aOndas electromagnéticas
650 2 4 _aSensores remotos
650 2 4 _aAerofotografía
_xHistoria
650 2 4 _aFotogrametría aérea
942 _2ddc
_cLIBRO
_02
999 _c2671
_d2671